000 00452nam a2200181Ia 4500
001 20972
005 20260306172845.0
008 260306t2019||||xx |||||||||||||| ||spa||
041 _aESP
082 _a343.811
_bA49G
100 _aÁlvarez Pedroza, Alejandro
_eAUT
245 0 _aGuía de clasificadores presupuestarios 2019
260 _c2019
300 _a380 páginas :
_c24 cm.
650 _aGEN
654 _aCCO
942 _cLIB
_dJUS
_fJUS
_2ddc
_n
999 _c20972
_d20972